| 000 | 00470nam a2200145Ia 4500 | ||
|---|---|---|---|
| 999 |
_c18480 _d18480 |
||
| 082 | _aTP.0263 | ||
| 100 | _aPandit, C.B. | ||
| 245 | 0 | _aProblems and prospects of ancillaries in engineering industry in Kolhapur district | |
| 260 |
_c1991 _bShivaji University |
||
| 300 | _a450p. + C D - 47 | ||
| 650 | _aENGINEERING INDUSTRIES - MAHARASHTRA - KOLHAPUR DISTRICT | ||
| 650 | _aENGINEERING INDUSTRY//ENGINEERING INDUSTRIES | ||
| 710 | _aTungare, R.M. | ||
| 942 |
_cTH _2ddc |
||